ბათუმის შოთა რუსთაველის სახელმწიფო უნივერსიტეტის ბიბლიოთეკა

ზეპირმეტყველების, კითხვის, წერის, გაგების სტრატეგიები ქართული ენისა და ლიტერატურის სწავლება/სწავლის მაგალითზე : (ბიბ.ჩანაწერი № 51015)

000 -ლიდერი
ფიქსირებული სიგრძის საკონტროლო ველი 01483nam a2200229Ia 4500
001 - საკონტროლო ნომერი
საკონტროლო ველი 17972
003 - საკონტროლო ნომრის იდენტიფიკატორი
საკონტროლო ველი GE_BSU
005 - ბოლო ოპერაციის თარიღი და დრო
საკონტროლო ველი 20250227130329.0
008 - ფიქსირებული სიგრძის მონაცემთა ელემენტები - ზოგადი ინფორმაცია
ფიქსირებული სიგრძის საკონტროლო ველი 181216s2009||||ge |||||||||||||| ||geo||
040 ## - კატალოგიზაციის წყარო
Transcribing agency GE_BSU
041 ## - ენის კოდი
Language code of text/sound track or separate title geo
080 ## - უნივერსალური ათობითი კლასიფიკაციის ინდექსი
Universal Decimal Classification number 808.5 მ-47
100 ## - მთავარი ჩანაწერი - პიროვნების სახელი
Personal name მეგრელაძე, ციალა
9 (RLIN) 1081
245 ## - ცნობა სათაურის შესახებ
Title ზეპირმეტყველების, კითხვის, წერის, გაგების სტრატეგიები ქართული ენისა და ლიტერატურის სწავლება/სწავლის მაგალითზე :
Remainder of title სალექციო კურსი /
Statement of responsibility, etc ციალა მეგრელაძე ; რედ. გ. მახარაშვილი , პ. პაპავა.
264 ## - წარმოების, გამოცემის, დისტრიბუციის და სხვა ცნობები
გამოცემის, წარმოების, დისტრიბუციის... ადგილი ბათუმი :
გამოცემის, წარმოების, დისტრიბუციის... სახელწოდება შოთა რუსთაველის სახ. უნ-ტი,
გამოცემის, წარმოების, დისტრიბუციის... თარიღი 2009.
300 ## - ფიზიკური აღწერა
Extent 158 გვ. ;
Dimensions 29 სმ.
653 ## - INDEX TERM--UNCONTROLLED
Uncontrolled term ზეპირმეტყველების, კითხვის, წერის, გაგების სტრატეგიები
653 ## - INDEX TERM--UNCONTROLLED
Uncontrolled term ქართული ენისა და ლიტერატურის სწავლება/სწავლის მაგალითზე
700 ## - ADDED ENTRY--PERSONAL NAME
Personal name მახარაშვილი, გ.
Relator term რედაქტორი
9 (RLIN) 10519
700 ## - ADDED ENTRY--PERSONAL NAME
Personal name პაპავა, პ.
Relator term რედაქტორი
9 (RLIN) 24424
942 ## - ADDED ENTRY ELEMENTS (KOHA)
Koha item type წიგნი
Source of classification or shelving scheme
ეგზემპლარები
ჩამოწერის სტატუსი დაკარგული ეგზემპლარის სტატუსი კლასიფიკაციის წყარო ან თაროზე გაწყობის სქემა დაზიანების სტატუსი არ გაიცემა მუდმივი მდებარეობა (დაცვის ადგილი) ამჟამინდელი ადგილსამყოფელი თაროზე განთავსების ადგილი შეძენის თარიღი სრული შენახვის შიფრი შტრიხკოდი ბოლო ოპერაციის თარიღი ეგზემპლარის მიმდევრობითი ნომერი (კეტერი?) ფასის ძალაში შესვლის თარიღი ეგზემპლარის სახეობა
          ბათუმის შოთა რუსთაველის სახელმწიფო უნივერსიტეტის მთავარი ბიბლიოთეკა ბათუმის შოთა რუსთაველის სახელმწიფო უნივერსიტეტის მთავარი ბიბლიოთეკა წიგნსაცავი 2018-12-17 808.5 მ-47 27764 2018-12-17 27764 2018-12-17 წიგნი